Statistics for Top 50 Most Christian Countries

Click here to take the quiz!

General Stats

  • This quiz has been taken 156 times
  • The average score is 27 of 50

Answer Stats

%Country% Correct
89.7Brazil
89%
92.4Mexico
89%
86.4Argentina
83%
87.5Peru
83%
100Vatican City
83%
92.0Colombia
82%
94.8Poland
78%
88.0Venezuela
77%
94.0Ecuador
75%
91.6Panama
72%
88.3Honduras
71%
98.0Greece
70%
96.0Paraguay
70%
92.0San Marino
70%
87.0Guatemala
67%
98.3Romania
67%
84.6Nicaragua
65%
89.0Bolivia
64%
90.2Croatia
63%
91.0Serbia
63%
84.4Portugal
62%
85.1Bulgaria
61%
89.5Andorra
60%
92.1DR Congo
57%
97.0Haiti
57%
86.0Monaco
57%
88.7Dominica
55%
92.0Malta
53%
85.0Philippines
53%
95.5Moldova
49%
97.9Armenia
47%
90.7Congo
47%
85.2Kenya
44%
88.5Georgia
43%
88.6Uganda
41%
93.6Rwanda
40%
97.3Grenada
37%
95.0Bahamas
36%
90.0Namibia
34%
99.1East Timor
33%
88.0Gabon
31%
96.3Zambia
31%
87.0Zimbabwe
31%
89.1Cape Verde
29%
89.9Lesotho
29%
85.5Liberia
28%
95.3Seychelles
26%
88.7Equatorial Guinea
23%
97.0Papua New Guinea
20%
95.4FS Micronesia
13%

Score Distribution

Percentile by Number Answered

Percent of People with Each Score

Your Score History

You have not taken this quiz